Culture Générale - Série 815 - Statistiques

Statistiques générales
  • Ce quiz a été pris 172 fois
  • Le résultat moyen est 7 sur 10
Statistiques - réponses
Question Réponse % Correct
Quel ustensile de nettoyage peut être "à dents", "à cheveux", ou "à reluire" dans une expression populaire signifiant "flatter servilement" ? brosse
97%
D'après la chanson, quel vêtement le bon roi Dagobert a-t-il mis à l'envers ? culotte
94%
Quand on chasse ou pêche illégalement, sans permis, sur des lieux réservés ou avec des moyens interdits, on fait du... braconnage
87%
Sur un emplacement payant, quel appareil automatique permet, pour une durée limitée, de s'acquitter du droit de stationnement ? parcmètre
87%
Quel instrument de musique associe-t-on au peintre Jean-Auguste Dominique Ingres, dans une expression synonyme de "passe-temps" ? violon
87%
Qu'est-ce qui peut être : "à bouteilles", "à homards" ou "judiciaire" ? casier
73%
Quel trophée décerne-t-on à l'équipe qui remporte le championnat de France de Rugby ? Le bouclier de ... Brennus
69%
Dans quel département français se situe le cap Nègre ? Var
45%
En France, le vendeur d'un véhicule doit présenter à l'acheteur un certificat de situation administrative, appelé "certificat de... non-gage
39%
Quel chien de garde à poil ras noir et fauve est aussi le titre d'un film de Jan Kounen avec Vincent Cassel ? Doberman
37%
Aucun quiz correspondant
Distribution des résultats
% des personnes avec chaque résultat
Percentile par nombre de réponses
Votre historique - résultats
Vous n’avez pas pris ce quiz